Cities of Alameda County on a Map - Statistics

General Stats
  • This quiz has been taken 276 times
  • The average score is 10 of 14
Answers on the Map
Answers color-coded by a green-red scale on the quiz's map according to % correct below.
 
Answer Stats
Answer % Correct
Oakland
94%
Fremont
90%
Alameda
87%
Berkeley
84%
Hayward
81%
Pleasanton
72%
Dublin
71%
Livermore
67%
Emeryville
66%
Union City
66%
San Leandro
65%
Piedmont
57%
Albany
55%
Newark
52%
No matching quizzes found
Score Distribution
Percent of People with Each Score
Percentile by Number Answered
Your Score History
You have not taken this quiz